Vista normal
Vista MARC
Entrada Corporate Name
Nombre de registres utilitzats a: 11
001 - CONTROL NUMBER
- control field: 3256
003 - CONTROL NUMBER IDENTIFIER
- control field: OSt
005 - DATE AND TIME OF LATEST TRANSACTION
- control field: 20151022112702.0
008 - FIXED-LENGTH DATA ELEMENTS
- fixed length control field: 130424|| aca||aabn | a|a d
040 ## - CATALOGING SOURCE
- Original cataloging agency: OStCDMR
110 2# - HEADING--CORPORATE NAME
- Corporate name or jurisdiction name as entry element: Diario El País, S.L.
410 2# - SEE FROM TRACING--CORPORATE NAME
- Corporate name or jurisdiction name as entry element: País (Firma)